| 000 | 00627nam a2200193 4500 | ||
|---|---|---|---|
| 001 | 119241 | ||
| 003 | ES-MaACL | ||
| 005 | 20251011063125.0 | ||
| 007 | t| | ||
| 008 | 070214s1959 sp r ||||1| spa d | ||
| 100 | 0 |
_aPérez y Gómez, Antonio, _d1902-1976 _991216 |
|
| 245 | 1 | 0 |
_aAntonio Pérez, escritor y hombre de Estado / _cpor Antonio Pérez y Gómez. |
| 260 |
_aValencia : _b[s.n.], _c1959 ( _fTip. Moderna) |
||
| 300 |
_a255 p. ; _c24 cm. |
||
| 490 | 1 | _aDe la fonte que mana y corre | |
| 830 | 0 |
_aDe la fonte que mana y corre _9218584 |
|
| 852 |
_aES-MaACL _jC-17431 _bR.45452 |
||
| 999 |
_c119241 _d119241 |
||